[Event "Lublin 3rd"]
[Site "Lublin"]
[Date "2011.05.16"]
[Round "2"]
[White "Shirov, Alexei"]
[Black "Roiz, Michael"]
[Result "1/2-1/2"]
[WhiteElo "2709"]
[BlackElo "2660"]
[Annotator "Roiz,M"]
[PlyCount "75"]
[EventDate "2011.05.15"]
[EventType "tourn"]
[EventRounds "7"]
[EventCountry "POL"]
[EventCategory "18"]
[SourceTitle "CBM 143"]
[Source "ChessBase"]
[SourceDate "2011.07.15"]
[SourceVersion "1"]
[SourceVersionDate "2011.07.15"]
[SourceQuality "1"]

1. e4 c6 2. d4 d5 3. e5 Bf5 4. h4 h5 5. Bg5 $5 {Quite a rare line which has
its poison. Black has several opportunities of winning a pawn at least,but
White has a lot of dynamic play in any case.} Qb6 6. Bd3 Bxd3 (6... Qxd4 7. Nf3
Qg4 8. O-O e6 9. Bxf5 Qxf5 10. c4 $44 {is too risky to play without special
preparation.}) 7. Qxd3 e6 8. Nd2 Qa6 {Somehow I had in mind that idea.} ({
Deserves a serious attention also} 8... c5 $5 9. c4 Qxb2 10. Rb1 Qxd4 11. Qxd4
cxd4 12. Ngf3 {and White has some compensation for a pawn, but hardly more.})
9. c4 Nd7 $146 {I was not sure if I had to put my bishop on b4,so I just made
this developing move.} (9... Bb4 10. b3 Nd7 (10... Ne7 11. Ngf3 (11. Ne2 $5)
11... Nf5 12. O-O O-O 13. Rfc1 Ba3 14. Rc2 c5 15. Nb1 Nc6 16. Nxa3 Qxa3 $11 {
1/2-1/2 Korneev,O (2554)-Galkin,A (2608)/Lugo 2009/CBM 133 (23)}) 11. Ngf3 Ne7
12. O-O Nf5 13. Rfc1 O-O 14. a3 Bxd2 15. Qxd2 Qb6 (15... Rac8 16. a4 Rfe8 17.
Qc3 c5 18. cxd5 exd5 19. Qd2 Qe6 20. Bf4 Nxd4 21. Nxd4 cxd4 22. Qxd4 b6 23.
Rxc8 Rxc8 24. Rd1 Rc5 25. b4 Rc4 26. Qxd5 Qxd5 {1/2-1/2 Shomoev,A (2562)
-Akopian,V (2700)/Moscow 2008/CBM 123}) 16. Rc3 f6 17. c5 Qd8 18. exf6 gxf6 19.
Bf4 $14 {1/2-1/2 Thinius,M (2367)-Naumann,A (2544)/Solingen GER 2011 (20)}) 10.
Ne2 {This was played rapidly by Alexei.} ({During the game I didn't like the
most natural} 10. Ngf3 $5 Ne7 11. O-O Nf5 (11... Nb6 12. b3) 12. a3 Be7 13.
Bxe7 Nxe7 14. b4 $14 {and White is somewhat better due to his space advantage.}
) 10... Be7 $5 {Immediately exploiting a drawback of White's last move.} 11.
Nf4 {This energetic move fails to pose any serious problems.} ({It looks like
Black is able to consolidate his position also after:} 11. O-O Bxg5 12. hxg5
Ne7 13. Nf4 g6 14. a4 O-O 15. b4 dxc4 16. Nxc4 Nb6 17. Nd6 Qxd3 18. Nxd3 Nf5
$11) 11... dxc4 12. Nxc4 ({My engine recommends here a slighty ''exotic''} 12.
Qc3 {but I think Black should be fine after:} Nb6 (12... Ngf6 $5 13. O-O Nd5
14. Nxd5 cxd5 15. Bxe7 Kxe7 $13) 13. Bxe7 Nxe7 14. Ne4 O-O-O $13) 12... Nb6 13.
Rc1 {This came as a real surprise,since I hadn't considered any other move
apart from 13.b3.} ({As Alexei told me during our analysis, he rejected it
because of:} 13. b3 Nxc4 ({my intention was:} 13... Nd5 14. O-O Nxf4 15. Bxf4
Nh6 16. Bg5 Nf5 17. Bxe7 Kxe7 18. Qe4 Rhd8 $11) 14. bxc4 Qa5+ 15. Ke2 O-O-O 16.
Rhd1 Rd7 $132 {and Black has some counterplay, as the centre is quite
vulnerable.}) 13... Nxc4 14. Rxc4 g6 ({It was also possible to grab the pawn:} 
14... Qa5+ $5 15. Ke2 Qxa2 16. Rhc1 Bxg5 17. hxg5 Ne7 18. g6 $44 {although
White has obvious compensation for a pawn, I believe Black should be fine here.
}) 15. O-O ({White could try} 15. Nh3 $5 Bd8 16. O-O Ne7 $11 {but Black is
solid enough as well.}) 15... Bxg5 16. hxg5 Ne7 {It looks like Black has
already consolidated, but his queen is stuck on the q-side,and White may try
to create some threats.} 17. Qb3 Rb8 {I didn't see anything wrong with this
passive move.} (17... b6 $5 {was also possible:} 18. Ne2 Rd8 {but I didn't see
any reason to weaken the pawn structure.}) 18. Nd3 {The knight had nothing to
do on f4 anymore.} Qb6 19. Qa3 (19. Rb4 Qc7 20. Nc5 O-O {achieves nothing, as
the endgame after} 21. Rxb7 Rxb7 22. Qxb7 Qxb7 23. Nxb7 Rb8 {is safe for Black.
}) 19... a6 20. Nc5 Qc7 21. Ne4 Kf8 ({There was also nothing wrong with} 21...
O-O) 22. Nf6 Kg7 23. Re1 Nf5 $2 {This move can be hardly explained - somehow I
lost my sense of danger for a moment...} ({Of course, I should continue} 23...
Rbd8 24. Re4 Nf5 $11) 24. Re4 $2 {It's really surprising that Alexei didn't
take the chance to develop a dangerous initiative.} (24. d5 $1 exd5 25. Nxd5
Qd7 (25... Qd8 26. Nf6 Qd2 27. Rce4 Rbd8 28. e6 Qxg5 29. Nd7 $36) 26. Nf4 $1 (
26. Nf6 Qe6 27. Qc3 Rhd8 28. Ne4 $14 {is also better for white.}) 26... Qe7 27.
Qf3 (27. Qxe7 Nxe7 28. e6 f6 $11) 27... Qxg5 28. e6 $40) 24... Rbd8 25. Qc3 Qb6
$11 {Finally I could breathe quietly... White still has a symbolic advantage 
(as he has much more space), but having such a strong knight on f5 Black can
just ''sit and wait''. Black has no real weaknesses, while the weak Pd4 is not
letting White make any progress.} 26. Rf4 h4 27. a4 ({After} 27. b4 {, apart
from waiting Black may try to complicate matters by means of:} Qb5 28. Qb3 a5
$132) 27... a5 28. Kh2 Qa7 29. Kh3 Qb6 30. Kh2 Qa7 31. b3 Qb6 32. Rc5 ({After} 
32. b4 axb4 33. Rxb4 Qa6 $132 {[%csl Rh2][%cal Ga6f1] White shouldn't forget
about his safety as well.}) 32... Ra8 33. Rc4 (33. d5 $5 {was possible, but
Black should be ok after:} cxd5 34. Rc7 Rad8 (34... d4 $5 35. Qc4 Rad8 36. Nd7
Rxd7 37. Rxd7 Rd8 $44) 35. Nd7 d4 36. Nxb6 (36. Qc4 Qb4 37. Qxb4 axb4 38. Nc5
Rhe8 39. Nxb7 Rd5 40. Nd6 Rf8 $11) 36... dxc3 37. Rxc3 Rh5 $132) 33... Rad8 34.
Rc5 Ra8 35. Kg1 Qa7 36. Re4 Qb6 37. Rf4 Qa7 38. Kh2 $138 {This move was
accompanied by the offer of a draw. Anyway, after 38...Qb6 we could get the
same position for 3rd time.} 1/2-1/2

[Event "World Cup"]
[Site "Reykjavik"]
[Date "1991.??.??"]
[Round "9"]
[White "Timman, Jan H"]
[Black "Speelman, Jonathan S"]
[Result "0-1"]
[WhiteElo "2630"]
[BlackElo "2630"]
[Annotator "Blatny,P"]
[PlyCount "66"]
[EventDate "1991.09.??"]
[EventType "tourn"]
[EventRounds "15"]
[EventCountry "ISL"]
[EventCategory "16"]
[SourceTitle "CBM 026"]
[Source "ChessBase"]
[SourceDate "1992.02.01"]
[SourceVersion "1"]
[SourceVersionDate "1992.02.01"]
[SourceQuality "1"]

1. e4 {Speelman,J} c6 2. d4 d5 3. e5 Bf5 4. Nc3 (4. Nf3 {--> Anand-Karpov CBM26
}) 4... a6 $5 (4... e6 5. g4 Bg6 6. Nge2 c5 7. h4 h6 8. Be3 Qb6 9. f4 Nc6 10.
f5 Bh7 11. Qd2 O-O-O 12. O-O-O c4 13. Nf4 Qa6 14. fxe6 Nb4 $132 {Prasad-Ravi,
New Delhi 1991}) 5. Be3 Qc7 6. Nge2 (6. h4 h5 (6... h6 7. g4 Bd7 8. f4 (8. h5 {
Speelman,J} e6 9. f4) 8... e6 (8... h5 $5 {Speelman,J}) 9. Nf3 {()}) 7. Nge2 e6
8. Ng3 Bg6 9. Be2 c5 $10) (6. Bd3 {Speelman,J} Bxd3 7. cxd3 e6 8. Rc1 $14) 6...
e6 7. Ng3 (7. Nf4 c5 8. g4 Bg6 9. Bg2 {+/=/=} (9. h4 cxd4 10. Bxd4 Nc6 $132 (
10... Nc6 11. h5 Bxc2)) (9. Bg2 {Speelman,J} Nc6 (9... cxd4 10. Bxd4 Nc6 11.
Ncxd5 exd5 12. Nxd5 Qa5+ 13. Bc3 Qd8) 10. Ncxd5 exd5 11. Nxd5 Qa5+ 12. c3 cxd4
13. b4 Qd8 14. Bxd4 Nxd4 15. Qxd4 Ne7)) 7... Ne7 8. Nxf5 (8. Be2 $142 {()}) (8.
Bd3 {Speelman,J} Bg6 $5) (8. Be2 {Speelman,J}) 8... Nxf5 9. Bd3 Nxe3 10. fxe3
c5 11. Qg4 (11. O-O Nc6 {><d4} 12. Qg4 (12. Ne2 $2 c4 $19) 12... cxd4 13. exd4
Nxd4 $1 $19 {><e5} (13... Nxd4 {Speelman,J} 14. Kh1 Nc6 15. Nxd5 exd5 16. Rae1
$19)) (11. Nb1 {Speelman,J} Nc6 (11... Qb6 12. b3 (12. O-O $1 cxd4 (12... Qxb2
13. Nd2 c4 14. Qf3) 13. Qf3) 12... Nc6 13. c3) 12. c3 $10) 11... Nc6 12. O-O-O
O-O-O 13. Rhf1 {בf} h5 14. Qh4 (14. Qf4 $142 cxd4 15. exd4 f6 16. exf6 Qxf4+
17. Rxf4 Bd6 18. Rff1 gxf6 19. Rxf6 Nxd4 20. Ne2 {=/=/+} (20. Ne2 {Speelman,J}
Be5 21. Rg6 $10)) 14... Be7 15. Qf4 $2 (15. Qf2 Bg5 $1 16. Kb1 $8 Bxe3 17. Qxe3
cxd4 $17 (17... cxd4 {Speelman,J} 18. Nxd5 Rxd5 $17 19. Qf4)) (15. Qg3 f6 (
15... cxd4 16. exd4 f6 17. Qxg7 Rdg8 18. Qf7 Nd8 19. Nxd5 $8 Nxf7 20. Nxc7 Kxc7
21. exf6 (21. Bc4 $5) 21... Bd6 22. g3 h4 23. Bc4 {=/+/-/+ _|_}) 16. Qh3 f5 {
/\g5 ->>>} (16... f5 {Speelman,J} 17. Be2 g5 $17) (16... Qd7 $2 17. Na4 $1))
15... cxd4 16. exd4 f6 $1 17. Rfe1 Kb8 (17... fxe5 $2 18. dxe5 Bf6 19. Bf5 $1
Kb8 $1 20. Bxe6 Bxe5 {/\d4=/+}) 18. Bf1 fxe5 19. dxe5 Bf6 $1 $19 20. g3 Bxe5
21. Qg5 h4 22. Qg4 hxg3 23. hxg3 Bxc3 24. bxc3 e5 25. Qg5 Qa5 26. Kb2 Rh2 {/\d4
} 27. Rxe5 (27. Rd2 {Speelman,J} d4) 27... Nxe5 28. Qxe5+ Qc7 29. Qxc7+ Kxc7
30. Rd4 g5 31. Rg4 Rg8 32. Rd4 Rf2 33. Bh3 Rg6 $1 {ץh3,Kb2} (33... Rg6 34.
Rxd5 $2 g4 $19) 0-1

[Event "Tilburg Fontys"]
[Site "Tilburg"]
[Date "1996.10.22"]
[Round "10"]
[White "Adams, Michael"]
[Black "Karpov, Anatoly"]
[Result "1/2-1/2"]
[WhiteElo "2685"]
[BlackElo "2775"]
[Annotator "Engqvist"]
[PlyCount "89"]
[EventDate "1996.10.11"]
[EventType "tourn"]
[EventRounds "11"]
[EventCountry "NED"]
[EventCategory "16"]
[SourceTitle "CBM 056"]
[Source "ChessBase"]
[SourceDate "1997.02.01"]
[SourceVersion "1"]
[SourceVersionDate "1997.02.01"]
[SourceQuality "1"]

1. e4 c6 2. d4 d5 3. e5 Bf5 4. h4 h5 5. c4 e6 6. Nc3 Ne7 (6... Be7) 7. Nge2 (7.
Bg5 dxc4 8. Bxc4 Nd7 9. Nge2 (9. Qd2 Nb6 10. Bb3 Qd7 11. Nf3 Ned5 12. O-O Be7
$13 {Donev}) 9... Nb6 (9... Qc7 10. Ng3 Bg6 11. Bd3 Bxd3 12. Qxd3 f6 13. exf6
gxf6 14. Be3 O-O-O 15. O-O-O Nb6 16. Qe4 Qd7 17. Rhe1 Ned5 18. Bd2 Re8 {
and black has no problems in the game Vasjukov-Orlov, St.Petersburg Petrov (08)
1996.}) (9... Qb6 {- 7.Nge2}) 10. Bb3 Qd7 11. Ng3 (11. Qd2 Ned5 12. Ng3 {
Mokry-Spiridonov, Praha 1985} Bg6 13. Nge4 (13. O-O Nxc3 $5 (13... Be7 14. Nce4
f6 (14... O-O-O 15. a4 (15. Nc5 $5 Qc7 16. Rac1 $14 {Donev}) 15... Bxg5 16.
hxg5 Nc7 17. a5 Nba8 18. Nd6+ Kb8 $14 {Simonn,E-Baron, Manresa op 1993}) 15.
Nc5 $1 $14 {Minasian-Yudasin, Tilburg (01) 20' 1993}) 14. bxc3 Be7 $13 {Donev})
13... Bb4) 11... Bg6 12. Nce4 Nf5 13. Nxf5 Bxf5 14. Ng3 Bb4+ 15. Kf1 Bg6 16.
Ne2 Nd5 $13 {Alexa.Ivanov-Ostenstad, Biel 1990}) 7... dxc4 (7... Nd7 8. Ng3 Bg6
9. Bg5 f6 10. exf6 gxf6 11. Be3 Nb6 12. b3 {Benjamin-Seirawan, USA (ch) 1994 -
62/121} Qc7 $10 {Benjamin}) 8. Ng3 Bg6 9. Bg5 Qb6 $5 $146 10. Qd2 Qb4 11. a3
Qb3 12. Rc1 Nd5 13. Nce4 b5 14. Be2 Nd7 15. O-O N7b6 16. Nc3 {/\17.Bd1+-} b4
17. axb4 Qxb4 18. f4 f5 19. exf6 gxf6 20. f5 Bxf5 21. Nxf5 exf5 22. Nxd5 Nxd5
23. Rxc4 Qxd2 24. Bxd2 Rb8 25. Bc1 Kd7 26. Bd3 Bh6 27. Bxf5+ Kd6 28. Re1 Nc7
29. Rc2 Bxc1 30. Rexc1 Rb6 31. Be4 Nd5 32. Rf2 Rf8 33. Bf3 Rb4 34. Rd1 f5 35.
Bxh5 Rh8 36. Rxf5 Rxb2 37. Re1 a5 38. g3 a4 39. Bf3 Rg8 40. Bxd5 Rxg3+ 41. Kf1
cxd5 42. Rf6+ Kd7 43. Rf7+ Kd8 44. Rf8+ Kd7 45. Rf7+ 1/2-1/2

[Event "Candidates sf1"]
[Site "Linares"]
[Date "1992.??.??"]
[Round "2"]
[White "Short, Nigel D"]
[Black "Karpov, Anatoly"]
[Result "1/2-1/2"]
[WhiteElo "2685"]
[BlackElo "2725"]
[Annotator "Blatny,P"]
[PlyCount "63"]
[EventDate "1992.04.??"]
[EventType "match"]
[EventRounds "10"]
[EventCountry "ESP"]
[SourceTitle "Candidates"]
[Source "ChessBase"]
[SourceDate "1999.07.01"]
[SourceVersion "2"]
[SourceVersionDate "1999.07.01"]
[SourceQuality "1"]

1. e4 {Hansen,Cu Ernst} c6 2. d4 d5 3. e5 Bf5 4. Nf3 (4. Nc3 e6 5. g4) 4... e6
5. Be2 c5 (5... Nd7 6. O-O Ne7 7. c3 (7. Nh4 {Anand,V-Karpov,A, m(7) 1991})
7... h6 {Anand,V-Karpov,A, m(5) 1991 --> CBM 25}) (5... a6 6. O-O Nd7 7. Nbd2
Bg6 8. a3 Nh6 {Anand,V-Karpov,A, Tilburg 1991 --> CBM 26}) 6. O-O Nc6 7. c3 Bg4
(7... Bg6 8. Be3 cxd4 9. cxd4 Nge7 10. Nc3 Nf5 11. Rc1 Be7 12. Na4 O-O 13. Nc5
$14 {Anand,V-Karpov,A, Roquebourne(active) 1992 --> CBM 28}) 8. Nbd2 (8. Be3 {
Ernst} Bxf3 9. Bxf3 cxd4 10. cxd4 Nge7 11. Bg4 Nf5 12. a3 {>= 12.Nc3} Be7 13.
Nc3 Nxe3 14. fxe3 O-O 15. Rf3 Bg5 16. Qd3 {+/=/= Wedberg,T-Ciric,DM/Copemhagen
op/1991/1/2-1/2/17/}) 8... cxd4 9. cxd4 Nge7 {/\Bf3,Nf5 קd4} 10. a3 {/\b4,Bb2}
(10. h3 {Ernst} Bxf3 (10... Bh5 {Hansen,Cu} 11. g4 Bg6 12. Nb3 Rc8 13. Bf4 $14
{Van der Werf-Peelen 1990}) 11. Nxf3 Nf5 12. Rb1 Qb6 13. Be3 Be7 14. b4 O-O 15.
Bd3 Nxe3 16. fxe3 Rac8 $10 {Anand,V-Karpov,An/Reggio/1991/1/2-1/2/27/}) 10...
Nf5 11. b4 Be7 12. h3 Bxf3 13. Nxf3 O-O 14. Bb2 (14. g4 Nh4 15. Nxh4 Bxh4 16.
f4 f6 $36) 14... a6 15. Qd2 Rc8 16. Rad1 {/\Bd3,Ne1 ->} (16. g4 $5 {Hansen,Cu})
16... Nb8 $1 {/\Nd7-b6-c4} 17. Bd3 Nh4 18. Ne1 (18. Nxh4 Bxh4 19. f4 f5 $1 $10)
18... Nd7 19. Nc2 Nb6 20. Ne3 Qd7 21. Rde1 (21. g3 Nf5 $1) 21... Rc7 22. Qd1
Rfc8 23. g3 Nf5 (23... Ng6 24. f4 {->}) 24. Nxf5 (24. Bxf5 exf5 25. Qf3 g6 $15)
24... exf5 25. Qf3 g6 26. Qf4 Na4 (26... Nc4 27. Bc1 $14) 27. Bc1 {><c3} (27.
Ba1 a5 $1 {קa3}) 27... Rc3 28. Bb1 Rb3 $8 29. Ba2 Rd3 {/\Nc3} 30. Bb1 Rb3 31.
Ba2 Rd3 32. Bb1 1/2-1/2

[Event "Candidates sf1"]
[Site "Linares"]
[Date "1992.??.??"]
[Round "4"]
[White "Short, Nigel D"]
[Black "Karpov, Anatoly"]
[Result "1-0"]
[WhiteElo "2685"]
[BlackElo "2725"]
[Annotator "Blatny,P"]
[PlyCount "151"]
[EventDate "1992.04.??"]
[EventType "match"]
[EventRounds "10"]
[EventCountry "ESP"]
[SourceTitle "Candidates"]
[Source "ChessBase"]
[SourceDate "1999.07.01"]
[SourceVersion "2"]
[SourceVersionDate "1999.07.01"]
[SourceQuality "1"]

1. e4 {Hansen,Cu Chandler,M} c6 2. d4 d5 3. e5 Bf5 4. Nf3 e6 5. Be2 c5 6. O-O
Nc6 7. c3 cxd4 (7... Bg4 8. Nbd2 cxd4 9. cxd4 {--> Short-Karpov (2)}) 8. cxd4
Nge7 9. a3 {/\b4,Bb2} (9. Nc3 Bg4 {/\Nf5,Qb6 קd4} (9... Nc8 {Chandler,M} 10.
Be3 Nb6 {Anand,V-Speelman,J/Linares/1991/1/2-1/2/72/  -> CBM 28} (10... Nb6 {
Hansen,Cu} 11. Rc1 Be7 12. Na4 Nxa4 (12... O-O 13. Nc5 Bxc5 14. Rxc5 Nd7 15.
Rc3 a6 16. Qd2 Qa5 17. Rfc1 $14 {Anand-Seirawan Monaco 1992}) 13. Qxa4 O-O $10
{Anand-Speelman Linares 1992})) (9... Bg4 10. Ne1 Bxe2 11. Nxe2 Nf5 12. a3 Qb6
13. Nf3 Be7 14. b4 O-O 15. Qd3 Rac8 16. Bd2 $1 $14 {Oll,L-Campora,D/Sevilla/
1992/1-0/32/ CBM29})) (9. Nbd2 Nb4 $1) (9. b3 {Hansen,Cu} Be4 10. Nbd2 Nf5 11.
Bb2 Bb4 12. g4 Nh4 $13 {Short-Seirawan Amsterdam 1992}) 9... Be4 10. Nbd2 Nf5
11. b4 Qb6 (11... Ncxd4 {Chandler,M} 12. Nxd4 Nxd4 13. Nxe4 dxe4 14. Be3 Nxe2+
15. Qxe2 Qd3 16. Qg4 $36 {White's lead in development is dangerous.}) 12. Bb2
Be7 (12... Nfxd4 13. Nxd4 Nxd4 14. Nxe4 (14. Bxd4 Qxd4 15. Bb5+ Kd8 16. Nxe4
Qxe4 17. Re1 $44) 14... Nxe2+ 15. Qxe2 dxe4 16. Qxe4 Be7 17. Rfd1 $14) 13. Re1
Rd8 (13... O-O 14. Bf1 Bxf3 15. Nxf3 Rac8 {<->c}) 14. Bf1 a5 15. Nxe4 (15. b5
Ncxd4 $15) 15... dxe4 16. Rxe4 axb4 17. axb4 Bxb4 18. Rb1 Qa5 19. h4 O-O 20.
Bd3 Rd7 {^^ + ->>> : <->d + קd4} (20... Bc3 {Chandler,M was plausible,
although White can force a draw, if he wishes with} 21. Ra1 Qb4 22. Ba3 Qa5 23.
Bb2 $10) 21. Rf4 g6 22. h5 Be7 23. hxg6 hxg6 24. Be4 Ng7 (24... Rfd8 25. d5 $5
Rxd5 $5 $13) 25. Rg4 Rfd8 26. Qc1 {/\Qh6 ->} Nf5 27. Bc3 (27. d5 Rxd5) 27...
Qc7 28. Qb2 {/\d5} (28. d5 $5 {Chandler,M} Rxd5 (28... exd5 $2 29. Bxf5) 29.
Bxd5 Rxd5 30. Qb2 b5) 28... Nfxd4 (28... Nh6 29. Rg3 Nf5 30. Bxf5 exf5 31. e6
$40) 29. Nxd4 Rxd4 (29... Nxd4 30. Bxg6 fxg6 31. Bxd4 Kg7 32. Rc1 $1 Qa5 33.
Qb1 $1 $18) 30. Bxd4 Rxd4 31. Bf3 (31. Qxb7 $2 Rd1+ 32. Kh2 Qxe5+ $19) 31...
Rxg4 32. Bxg4 Nxe5 33. Qxb7 Qc2 (33... Qxb7 34. Rxb7 Nxg4 {+/=/= _|_}) (33...
Qxb7 $14 {Hansen,Cu}) 34. Bd1 Qd3 35. Bf3 Bf6 36. Qe4 Qc3 (36... Nxf3+ 37. gxf3
Qxe4 38. fxe4 Be5 {+/=/= _|_}) 37. Be2 Kg7 38. g3 Qc5 39. Kg2 {/\f4} Nc6 40.
Rb7 Nd4 41. Bd3 Qh5 $2 (41... Kg8 $142) (41... Qc6 $142 42. Qxc6 Nxc6 $16 {_|_}
) (41... Kg8 $142 {Chandler,M /\ ...Nf5}) (41... Qc6 $145 $1 $10 {Chandler,M})
(41... Kf8 $5 {Hansen,Cu}) (41... Qc6 $5 {Hansen,Cu}) 42. Rd7 Nf5 (42... e5 43.
Bc4 $18 (43. Qd5 {Chandler,M})) 43. Qxe6 Nh6 44. Bc4 Qe5 $8 45. Qxe5 $2 (45.
Rxf7+ $3 Nxf7 46. Qxf7+ Kh6 47. Bd3 $1 Qg5 $8 48. f4 $1 $18 (48. f4 {Chandler,M
} Qh5 49. Qxf6 Qd5+ 50. Kh2 Qxd3 51. Qh8#)) 45... Bxe5 46. Kf3 Kf8 47. Ke4 Bf6
48. Rd5 Be7 49. f4 Ng4 50. Ra5 Nh6 51. Kf3 f5 52. Ra7 Ng4 53. Be6 Nh6 54. Rc7
Ng4 55. Rb7 Nh6 56. Ke3 Ng4+ 57. Kd4 Nf6 58. Rb8+ Kg7 59. Rb7 Kf8 60. Bd5 Nh5
61. Ke5 Bf6+ (61... Nxg3 62. Bf3 $1 Kf7 63. Rc7 Kf8 64. Ke6 $18) 62. Ke6 Bd4
63. Bf3 $1 Nxg3 64. Rd7 Bc3 65. Rd3 Bb2 66. Rd2 Bc1 (66... Bc3 67. Rc2 Ba1 (
67... Be1 68. Kf6 $18) 68. Rg2 Ne4 69. Rxg6 $18) 67. Rd1 Bxf4 68. Kf6 Bc7 69.
Rd7 Ba5 70. Bc6 Nh5+ (70... f4 71. Rf7+ Kg8 72. Bd5 Kh8 73. Kxg6 {/\Rh7#} Kg8
74. Rxf4+ Kh8 75. Rf8#) 71. Kxg6 Nf4+ 72. Kxf5 Ne2 73. Bf3 Ke8 74. Rd5 Ng3+ 75.
Ke6 Bc7 76. Rd7 (76. Rd7 Bf4 (76... Bb8 77. Bc6 $18 (77. Bc6 {Chandler,M} Kf8
78. Rb7 Bf4 79. Rf7+)) 77. Bc6 Kf8 78. Rf7+ $18) 1-0

[Event "Linares 10th"]
[Site "Linares"]
[Date "1992.??.??"]
[Round "5"]
[White "Anand, Viswanathan"]
[Black "Speelman, Jonathan S"]
[Result "1/2-1/2"]
[WhiteElo "2670"]
[BlackElo "2630"]
[Annotator "Speelman,J"]
[PlyCount "143"]
[EventDate "1992.02.??"]
[EventType "tourn"]
[EventRounds "13"]
[EventCountry "ESP"]
[EventCategory "17"]
[SourceTitle "CBM 028"]
[Source "ChessBase"]
[SourceDate "1992.06.01"]
[SourceVersion "1"]
[SourceVersionDate "1992.06.01"]
[SourceQuality "1"]

1. e4 c6 2. d4 d5 3. e5 Bf5 4. Nf3 e6 5. Be2 c5 6. O-O Nc6 7. c3 cxd4 8. cxd4
Nge7 9. Nc3 Nc8 10. Be3 (10. Bg5 $5) 10... Nb6 11. Rc1 (11. Na4 Be7 12. Nc5 $5)
11... Be7 12. Na4 Nxa4 $1 (12... O-O $2 13. Nc5 Bxc5 14. Rxc5 $14 {Anand,
V-Seirawan,Y/Roquebrune/1992/1-0/69/}) 13. Qxa4 O-O 14. Bb5 $6 (14. a3 $5)
14... Nb4 $1 (14... Na5 15. Bd2 Nc4 16. Bxc4 dxc4 17. Qxc4 Be4 18. Rfe1 $44 {
But perhaps +/=}) 15. a3 Nd3 16. Bxd3 Bxd3 17. Rfe1 a5 18. Qd1 $1 $8 Bg6 19.
Qb3 $1 Ra6 $1 20. Bd2 Qd7 21. Rc3 $2 (21. Qc3 $1 $16) 21... a4 22. Qd1 Qb5 23.
Bc1 Rc6 24. Ree3 Rfc8 25. Rxc6 Rxc6 (25... bxc6 $5) 26. Bd2 $1 $14 {/\ Bd2-c3}
Qxb2 27. Qxa4 Qa1+ 28. Be1 Bf8 29. Qa8 Ra6 $5 $138 (29... Rc1 $4 30. h3 Be4 31.
Kh2 Bxf3 32. Bb4 $18) (29... Be4 $5 {or perhaps !, but not in time trouble!}
30. Qxb7 (30. h3 Bxf3 31. Kh2 {?!! Anand} Bxg2 $3 {Anand and Speelman in the
post mortem} (31... Ra6 32. Qc8 Rxa3 33. Rxf3 $1 Rxf3 34. Bb4 $18) 32. Kxg2 Ra6
33. Qc8 Rxa3 34. Rf3 Rxf3 35. Bb4 Rxf2+ 36. Kxf2 Qxd4+ $19) 30... Rc1 31. h3 (
31. h4 $2 {to control g5;} Bxf3 32. Rxf3 Rxe1+ 33. Kh2 f6 34. Qd7 (34. exf6
Bd6+ 35. Kh3 Rh1+ 36. Kg4 Qxd4+ $19) 34... Qxd4 $19) 31... Bxf3 32. Rxf3 Rxe1+
33. Kh2 f6 $1 {Anand} (33... f5 $2 34. Qd7 Rh1+ (34... f4 35. Qxe6+ Kh8 36.
Rxf4 Rh1+ 37. Kg3 Qxa3+ 38. Rf3 Qe7 39. Qxe7 $1 Bxe7 40. Rf7 $10 Ba3 41. Rd7 (
41. Ra7 $2 Bf8 42. Rf7 Kg8)) 35. Kg3 Qxd4 36. Qxe6+ Kh8 37. Qxf5 $18) 34. Qd7 (
34. exf6 $4 Bd6+ $19) 34... Rh1+ $5 (34... Qxd4 35. Qxe6+ Kh8 36. Rxf6 $1 gxf6
(36... Qc5 $5 37. Rf3 (37. Rf7 $2 d4 38. Qe8 (38. f4 d3 39. Qe8 Qg1+ 40. Kg3
Re3+ 41. Kh4 Qf2+ 42. Kh5 g6+ $19) (38. g3 d3 $1 (38... Rxe5 39. Rxf8+ Qxf8 40.
Qxe5 Qxf2+ 41. Kh1 $10) 39. Qe8 Kg8 40. Rf3 Qe7 41. Qxe7 Bxe7 42. Rxd3 Rxe5 $17
) 38... Kg8 39. Rf5 Qe7 $19) 37... Qe7 38. Qxd5 $1 (38. Qc8 Kg8) (38. Rf7 $4
Qxe6 39. Rxf8+ Qg8) 38... g6 39. Rf7 Qc5 $1 $44) 37. Qxf6+ Kg8 38. Qe6+ $10) (
34... Qc1 $1 35. Qxe6+ Kh8 36. Qg4 (36. h4 $2 Qh6 37. g3 Qc1 $1 $19) 36... Qc7
$5 $17) 35. Kg3 Qxd4 $1 (35... Qc1 $2 36. Re3 $1 Re1 37. Qxe6+ Kh8 38. exf6 $1
(38. Rxe1 Qxe1 39. Qf7 (39. a4 Qc3+ 40. Kh2 Qxd4 $19) 39... Qc3+ 40. Kh2 Qxa3
41. exf6 Qd6+ 42. Kg1 gxf6 $17 (42... Qxf6 $5 43. Qxd5 $17)) 38... Rxe3+ 39.
fxe3 Qc7+ 40. Kf3 $14) 36. Qxe6+ Kh8 37. Rxf6 $1 (37. exf6 g5 $1 38. Rf5 $8
Qh4+ 39. Kf3 Rf1) (37. Qe8 Qc5 $17) 37... Qc5 38. Rf3 Qe7 39. Qxe7 Bxe7 40. Rf7
Bxa3 41. Rd7 Kg8 42. Rxd5 Kf7 $19) 30. Qxb7 Rxa3 31. Rxa3 Qxa3 32. Qc8 h6 $17
33. Qc3 Be4 34. Qxa3 Bxa3 35. Nd2 $1 (35. Bc3 Bxf3 36. gxf3 Kh7 $17 {perhaps
just winning}) 35... Bb2 $138 36. f3 $1 Bxd4+ $2 (36... Bc2 $1 {Short, ><d4,
intending K-f8-e7...c4}) 37. Bf2 Bc3 (37... Bxf2+ $2 38. Kxf2 $10) 38. Nxe4
dxe4 39. fxe4 Bxe5 (39... h5 $5) 40. g4 $1 $15 Kh7 41. Kg2 Kg6 42. Be3 Kf6 43.
h4 Bc3 44. Bf4 Be1 45. h5 Bh4 46. Kf3 Ke7 47. Be3 Kd6 48. Bf4+ Kc5 49. Be5 Bf6
50. Bb8 (50. Bxf6 $4 gxf6 51. e5 Kd5 $1 (51... fxe5 $4 52. g5 $1 $18) 52. exf6
Ke5 53. g5 hxg5 54. h6 Kxf6 $19) 50... Kd4 51. Bd6 Bg5 52. Bf8 g6 53. Bg7+ Kd3
54. Bf8 e5 55. Bg7 $6 (55. Bc5 $10) 55... gxh5 $1 56. gxh5 f5 $1 57. exf5 e4+
58. Kg2 e3 59. Be5 $8 e2 60. Bg3 Bf6 61. Kf3 Bc3 62. Bf2 Kd2 63. Ke4 Kd1 64.
Kd3 Bf6 65. Bg3 Bg5 66. Bf2 e1=Q 67. Bxe1 Kxe1 68. Kd4 Kf2 69. Ke5 Kf3 70. f6
Kg4 71. f7 Be7 72. Ke4 $1 1/2-1/2